Những văn nhân chính khách một thời
v...v
Đã lưu trong:
| Tác giả chính: | |
|---|---|
| Định dạng: | Sách |
| Ngôn ngữ: | Vietnamese |
| Năm xuất bản: |
H.
Lao động
1993
|
| Chủ đề: | |
| Tags: |
Thêm thẻ
Không có thẻ, Hãy là người đầu tiên gắn thẻ bản ghi này!
|
| LEADER | 01085cam a2200325 a 4500 | ||
|---|---|---|---|
| 001 | 3503051 | ||
| 005 | 20161012153632.0 | ||
| 008 | 950403s1993 vm 000 0cvie | ||
| 040 | |a DLC |c DLC | ||
| 043 | |a a-vt--- | ||
| 050 | 0 | 0 | |a PL4378.1 |b .T46 1993 |
| 082 | |a 895.92209 |b TH309S | ||
| 100 | 0 | |a Thiếu Sơn | |
| 245 | 1 | 0 | |a Những văn nhân chính khách một thời |c Thiếu Sơn |
| 260 | |a H. |b Lao động |c 1993 | ||
| 300 | |a 293 tr. |c 19 cm | ||
| 520 | |a v...v | ||
| 650 | 0 | |a Authors, Vietnamese |y 20th century |v Biography. | |
| 650 | 0 | |a Nationalism and literature |z Vietnam. | |
| 653 | |a Văn học | ||
| 653 | |a Việt Nam | ||
| 653 | |a Nhà Văn | ||
| 653 | |a Nhà báo | ||
| 653 | |a Cuộc đời | ||
| 653 | |a Sự nghiệp | ||
| 906 | |a 7 |b cbc |c orignew |d 3 |e ncip |f 19 |g y-gencatlg | ||
| 942 | |2 ddc |c SH | ||
| 955 | |a yk06 04-03-95; yk16 06-29-95; ye11 07-20-95 | ||
| 999 | |c 2674 |d 2674 | ||
| 952 | |0 0 |1 0 |2 ddc |4 0 |6 895_922090000000000_TH309S |7 0 |8 800 |9 32913 |a qbu |b qbu |c D5 |d 2014-12-14 |g 30000 |o 895.92209 TH309S |p 4245.C1 |r 0000-00-00 |w 2014-12-14 |y SH |0 0 |6 895_922090000000000_TH309S | ||